000 00898cam a22002174a 4500
999 _c532876
_d532876
005 20191204124951.0
008 191204b ||||| |||| 00| 0 eng d
020 _a9780195474220
040 _cDLC
082 _a954.0317
_bSAL
100 1 _aMalik, Salahuddin.
_926493
245 1 0 _a1857 War of Independence or clash of civilizations? :
_bBritish public reactions /
_cSalahuddin Malik.
260 _aKarachi :
_bOxford University Press,
_c2008.
300 _axxvii, 288 p., [14] p. of plates :
_bill., maps ;
_c24 cm.
504 _aIncludes bibliographical references (p. [256]-281) and Index.
650 0 _aPublic opinion
_zGreat Britain.
_926494
651 0 _aIndia
_xHistory
_ySepoy Rebellion, 1857-1858
_xPublic opinion.
_926495
651 0 _aIndia
_xForeign public opinion, British.
_926496
651 0 _aIndia
_xHistory
_ySepoy Rebellion, 1857-1858
_xReligious aspects.
_926497
942 _2ddc
_cBK